|
|
|
|
| LEADER |
00000nab a2200000 a 4500 |
| 001 |
vtls000760451 |
| 003 |
SK-MaSNL |
| 005 |
20260303223759.0 |
| 008 |
160405c2000 xo 0 slo |
| 015 |
|
|
|a SNBRB2001/06-19427
|
| 035 |
|
|
|a CLN000112238
|
| 040 |
|
|
|a SNKBUCL
|b slo
|c SNKBUCL
|e AACR2
|
| 041 |
0 |
|
|a slo
|
| 044 |
|
|
|a xo
|c SK
|
| 080 |
|
|
|a 616.61-002.3-089
|2 1997
|
| 245 |
0 |
0 |
|a Xantogranulomatózna pyelonefritída prezentovaná ako Grawitzov nádor u 21-ročnej pacientky. Kazuistika
|c I. Kalinay ... [et al.]
|
| 246 |
1 |
1 |
|a Xanthogranulomatous pyelonephritis presented as Grawitz tumor in 21 year old female patient. Case-report
|
| 300 |
|
|
|b Obr.
|
| 504 |
|
|
|a Res. angl., slov.
|
| 504 |
|
|
|a Bibliogr. odkazy
|
| 650 |
0 |
7 |
|a xantogranulomatózna pyelonefritída
|2 SNK
|9 1258737
|
| 650 |
0 |
7 |
|a nádor Grawitzov
|2 SNK
|9 1258738
|
| 650 |
0 |
7 |
|a lekárska kazuistika
|2 SNK
|9 69399
|
| 650 |
0 |
7 |
|a patológia
|2 SNKPH
|9 900
|
| 650 |
0 |
7 |
|a diagnostika (medicína)
|2 SNKPH
|9 28740
|
| 650 |
0 |
7 |
|a chirurgia
|2 SNKPH
|9 2178
|
| 655 |
|
7 |
|a články z novín a časopisov
|2 SNK
|9 267496
|
| 700 |
1 |
|
|a Kalinay, I.
|4 aut
|9 1258739
|
| 700 |
1 |
|
|a Alemayehu, H.M.
|4 aut
|9 1258740
|
| 700 |
1 |
|
|a Lorand, A.
|4 aut
|9 1258741
|
| 700 |
1 |
|
|a Kovačič, T.
|4 aut
|9 1258742
|
| 700 |
1 |
|
|a Danczi, Zoltán
|4 aut
|9 1031427
|
| 700 |
1 |
|
|a Benko, J.
|4 aut
|9 518870
|
| 773 |
0 |
|
|x 0035-9351
|t Rozhledy v chirurgii
|g Roč. 79, č. 12 (2000), s. 626-628
|
| 850 |
|
|
|a Slovenská národná knižnica v Martine
|
| 852 |
|
|
|a SNK
|b KIS3GCP
|
| 958 |
|
|
|a MI
|
| 958 |
|
|
|a NB
|
| 958 |
|
|
|a RBX
|
| 999 |
|
|
|c 2249290
|d 2251220
|